00388nam a2200133Ia 4500008004100000020001500041050001400056050001500070100002100085245004800106250001600154260006900170300001500239160114s9999 xx 000 0 und d a9716422016 aFil. 950  b.Z21h 2003 aZaide, Gregorio. aHistory of Asian Nations /cGregorio Zaide. a6th Edition aQuezon City, PhilippinesbAll-Nations Publishing Co., Inc.c2003 a129 pages;